000 00422nam a22001817a 4500
003 MPLRDC
005 20220104123833.0
008 210129b ||||| |||| 00| 0 eng d
082 _a857.6 SN
100 _a桑妮编
245 _a香港小小说选
_c
250 _a初版
260 _a
_b绿洲出版公司
_c1986
300 _b
490 _a金合欢文丛
650 _a短篇小说
942 _cBK
_o857.6 SN
999 _c14590
_d14580